| 000 | 00725nam a2200253Ia 4500 | ||
|---|---|---|---|
| 003 | OSt | ||
| 005 | 20220927115044.0 | ||
| 006 | a|||||r|||| 00| 0 | ||
| 007 | ta | ||
| 008 | 220926b |||||||| |||| 00| 0 eng d | ||
| 024 | _a70060 | ||
| 037 | _cThesis and Dissertations | ||
| 040 |
_aRTL _cRTL _beng |
||
| 041 |
_2eng _aeng |
||
| 082 | _a"X:51-75, M4" | ||
| 100 |
_aMcdonald Malcolm H B _9390422 |
||
| 245 | 0 |
_aMarketing plans _b" How to prepare them, how to use" |
|
| 260 |
_aLondon _bHeinemann _c1984 |
||
| 300 |
_a"vii, 216p" _ccm. |
||
| 490 | _aInstitute of Marketing | ||
| 650 | _aMarketing | ||
| 942 |
_h"X:51-75, M4" _cCC |
||
| 999 |
_c705654 _d705654 |
||